000
00236nam a2200097Ia 4500
001
723749
005
20250826163337.0
008
250824s9999 xx 000 0 und d
245
0
_a
ŞAHMERAN
_c
HATİCE ÜZGÜL
260
_b
PORTAKAL YAYINLARI
999
_c
723749
_d
723749